NFL Team By Record (Past Five Years) - Statistics

General Stats
  • This quiz has been taken 75 times
  • The average score is 11 of 32
Answer Stats
Team 2021 2022 2023 2024 2025 % Correct
Kansas City Chiefs 12-5 14-3 11-6 15-2 6-11
63%
Detroit Lions 3-13-1 9-8 12-5 15-2 9-8
53%
Baltimore Ravens 8-9 10-7 13-4 12-5 8-9
51%
Carolina Panthers 5-12 7-10 2-15 5-12 8-9
49%
Buffalo Bills 11-6 13-3 11-6 13-4 12-5
46%
Houston Texans 4-13 3-13-1 10-7 10-7 12-5
44%
Jacksonville Jaguars 3-14 9-8 9-8 4-13 13-4
42%
San Francisco 49ers 10-7 13-4 12-5 6-11 12-5
42%
Cincinnati Bengals 10-7 12-4 9-8 9-8 6-11
41%
Pittsburgh Steelers 9-7-1 9-8 10-7 10-7 10-7
41%
Minnesota Vikings 8-9 13-4 7-10 14-3 9-8
37%
New England Patriots 10-7 8-9 4-13 4-13 14-3
37%
Green Bay Packers 13-4 8-9 9-8 11-6 9-7-1
36%
New York Giants 4-13 9-7-1 6-11 3-14 4-13
36%
Philadelphia Eagles 9-8 14-3 11-6 14-3 11-6
36%
Dallas Cowboys 12-5 12-5 12-5 7-10 7-9-1
34%
Los Angeles Rams 12-5 5-12 10-7 10-7 12-5
32%
Indianapolis Colts 9-8 4-12-1 9-8 8-9 8-9
31%
Tennessee Titans 12-5 7-10 6-11 3-14 3-14
31%
Cleveland Browns 8-9 7-10 11-6 3-14 5-12
29%
New York Jets 4-13 7-10 7-10 5-12 3-14
29%
Washington Commanders 7-10 8-8-1 4-13 12-5 5-12
29%
Arizona Cardinals 11-6 4-13 4-13 8-9 3-14
27%
Chicago Bears 6-11 3-14 7-10 5-12 11-6
27%
New Orleans Saints 9-8 7-10 9-8 5-12 6-11
27%
Las Vegas Raiders 10-7 6-11 8-9 4-13 3-14
24%
Tampa Bay Buccaneers 13-4 8-9 9-8 10-7 8-9
24%
Los Angeles Chargers 9-8 10-7 5-12 11-6 11-6
22%
Miami Dolphins 9-8 9-8 11-6 8-9 7-10
22%
Seattle Seahawks 7-10 9-8 9-8 10-7 14-3
22%
Atlanta Falcons 7-10 7-10 7-10 8-9 8-9
19%
Denver Broncos 7-10 5-12 8-9 10-7 14-3
19%
No matching quizzes found
Score Distribution
Percent of People with Each Score
Percentile by Number Answered
Your Score History
You have not taken this quiz